| 000 | 00814cam a22002655a 4500 | ||
|---|---|---|---|
| 001 | 17384769 | ||
| 005 | 20201128023633.0 | ||
| 008 | 120713t2013 njua frbd 001 0 eng d | ||
| 020 | _a9781118358535 (pbk.) | ||
| 040 |
_aDLC _cDLC _beng _dEG-ScBUE |
||
| 082 | 0 | 4 |
_a658.11 _222 _bKAP |
| 100 | 1 |
_aKaplan, Jack M. _939346 |
|
| 245 | 1 | 0 |
_aPatterns of entrepreneurship management / _cJack M. Kaplan, Anthony C. Warren. |
| 250 | _a4th ed. | ||
| 260 |
_aHoboken : _bJohn Wiley & Sons, _cc.2013. |
||
| 300 |
_axxii, 377 p. : _bill. ; _c26 cm. |
||
| 500 | _aGlossary : p. 361-366. | ||
| 500 | _aIndex : p. 367-377. | ||
| 504 | _aIncludes bibliographical references. | ||
| 650 | 7 |
_aEntrepreneurship. _2BUEsh _9240 |
|
| 651 | _2BUEsh | ||
| 653 |
_bBUSADM _cFebruary2016 |
||
| 700 | 1 | _aWarren, Anthony C. | |
| 942 | _2ddc | ||
| 999 |
_c21149 _d21121 |
||